000 00635nam a22002177a 4500
003 UA-OsUOA
001 100038
007 ta
008 20130521b un ||||| |||| 00| 0 ukr d
090 _a821.222.8
_bУ34
942 _cBK
040 _aUA-OsUOA
_brus
_cUA-OsUOA
_dUA-OsUOA
245 _aУзбекские рассказы
_bсборник
_cСост. Бать Л. и Рахими А.
300 _a219 с.
955 _a3
041 _arus
080 _a821.222.8
260 _aМ.
_bСоветский писатель
_c1951
650 7 _a82 Література. Літературознавство
_2UDC
999 _c386284
_d386284